000 00958nam a22002297a 4500
999 _c6482
_d6482
003 OSt
005 20200211132955.0
008 200211s2016 ck abo|gr|||| 00| 0 spa d
020 _a9789585858305
040 _aCO-JMCR
_cCO-JMCR
041 0 _aspa
082 0 4 _a338.9861 /
_bD537d
_223
245 0 0 _aDiamante :
_bcaribe y santanderes
250 _aPrimera edición
260 _aBogotá :
_bFindeter,
_c2016
300 _a419 páginas :
_bfototgrafías y mapas a color ;
_c22 cm.
505 0 _aEl Diamante, un proyecto país -- El modelo territorial del Diamante -- Los ejes estructurantes del Diamante -- Proyectos ciudad-territorio -- Estrategias de ecodesarrollo -- Ecosistemas de innovación -- De la visión a la acción
650 1 4 _aCosta Caribe (Región, Colombia)
_xCondiciones económicas
_9408
650 1 4 _aSantander (Colombia)
_xCondiciones económicas
_9409
650 1 4 _aNorte de Santander
_xCondiciones económicas
_9410
942 _2ddc
_cBK